000
00266 a2200097 4500
001
54572
100
_a
Poisel, R.A.
245
_a
Modern communication jamming principles and techniques
260
_a
Boston
_b
Artech House Boston
_c
2004
090
_c
33946
_d
33946
942
_a
NUST-CAE
_c
MONOGRAPH
_c
26609
999
_c
289645
_d
289645